La representación social: teoría y práctica comunitaria /
Bewaard in:
| Hoofdauteur: | |
|---|---|
| Andere auteurs: | |
| Formaat: | Texto |
| Onderwerpen: | |
| Tags: |
Voeg label toe
Geen labels, Wees de eerste die dit record labelt!
|
MARC
| LEADER | 00000 a a2200000 04500 | ||
|---|---|---|---|
| 001 | 44023 | ||
| 003 | |||
| 040 | |||
| 100 | |a Alejandro, Martha | ||
| 245 | |a La representación social: teoría y práctica comunitaria / |c Martha Alejandro; Elena Socarrás | ||
| 650 | |a REPRESENTACION SOCIAL | ||
| 650 | |a TEORIA SOCIAL | ||
| 700 | |a Socarrás, Elena | ||
| 773 | |g número20 ( , 2000), páginas 59-64 | ||
| 999 | |c 32174 |d 32174 | ||
